000 00983nam a22002175i 4500
001 161034
003 ES-MaACL
005 20230906212200.0
008 021023m18501852fr |||| | fre d
040 _aCCPB | B
_bspa
_cCCPB | B
100 1 _aOrbigny, Alcide d'.
_9130665
245 1 0 _aProdrome de paléontologie stratigraphique universelle des animaux mollusques & rayonnés
_b: faisant suite au cours élémentaire de paléontologie et de géologie stratigraphiques /
_cpar Alcide d'Orbigny.
260 _aParis :
_bVictor Masson,
_c1850-1852 (
_eCorbeil :
_fimprimerie de Crété)
300 _a3 v. (LX, 394 ; 427 ; 196, 189 p.) ;
_c18 cm.
650 1 4 _aPaleontología-
_vNomencladores.
_9223441
650 4 _aMoluscos-
_vNomencladores.
_9136520
752 _aFrancia -
_dParís
752 _aFrancia -
_dCorbeil
852 _aES-MaACL
_jB-6718-6719
_z-- Enc. hol.
_z-- Legado del Excmo. Señor D. Federico de Botella y de Hornos
_q-- Solo t.I y III
999 _c161034
_d161034